El directivo racional (Record no. 86058)

MARC details
000 -LEADER
campo de control de longitud fija 00708nam a2200193 i 4500
001 - NÚMERO DE CONTROL
campo de control 86058
003 - IDENTIFICADOR DE NÚMERO DE CONTROL
campo de control ES-MaACL
005 - FECHA Y HORA DE LA ÚLTIMA TRANSACCIÓN
campo de control 20230906175351.0
007 - CAMPO FIJO DE DESCRIPCIÓN FÍSICA--INFORMACIÓN GENERAL
campo de control de longitud fija t|
008 - DATOS DE LONGITUD FIJA--INFORMACIÓN GENERAL
campo de control de longitud fija 041207s1969 sp ||||1| spa d
100 1# - ENTRADA PRINCIPAL--NOMBRE DE PERSONA
Nombre de persona Kepner, Charles H.
9 (RLIN) 67879
245 13 - MENCIÓN DEL TÍTULO
Título El directivo racional
Resto del título : enfoque sistemático a la resolución de problemas y la toma de decisiones /
Mención de responsabilidad, etc. Charles H. Kepner, Benjamin B. Tregoe ; traducción y adaptación, David Currie Gomes, Hugh Venn.
260 ## - PUBLICACIÓN, DISTRIBUCIÓN, ETC.
Lugar de publicación, distribución, etc. Madrid :
Nombre del editor, distribuidor, etc. Castilla,
Fecha de publicación, distribución, etc. [1969]
300 ## - DESCRIPCIÓN FÍSICA
Extensión 300 p. :
Otras características físicas il. ;
Dimensiones 21 cm.
700 1# - ENTRADA AGREGADA--NOMBRE PERSONAL
Nombre de persona Tregoe, Benjamin B.
9 (RLIN) 111280
700 1# - ENTRADA AGREGADA--NOMBRE PERSONAL
Nombre de persona Currie Gomes, David.
9 (RLIN) 42231
700 1# - ENTRADA AGREGADA--NOMBRE PERSONAL
Nombre de persona Venn, Hugh.
9 (RLIN) 113893
852 ## - LOCALIZACIÓN
Ubicación ES-MaACL
Número de control de estantería C-35966
Sublocalización o colección R.69034
Holdings
Estatus retirado Estado de pérdida Estado de daño No para préstamo Biblioteca de origen Biblioteca actual Ubicación en estantería Fecha de adquisición Fuente de adquisición Total de préstamos Signatura topográfica completa Código de barras Visto por última vez Precio de reemplazo Tipo de ítem Koha
        Biblioteca del Ateneo de Madrid Biblioteca del Ateneo de Madrid Depósito 2 17/01/2008     C-35966 1089925 23/02/2023 23/02/2023 Libro impreso